Harvester New Readings (Record no. 2543)

MARC details
000 -LEADER
fixed length control field 00323nam a22001337a 4500
008 - FIXED-LENGTH DATA ELEMENTS--GENERAL INFORMATION
fixed length control field 250320b |||||||| |||| 00| 0 eng d
020 ## - INTERNATIONAL STANDARD BOOK NUMBER
ISBN 0710806477
100 ## - MAIN ENTRY--AUTHOR
Author ELIOT T.S.
245 ## - TITLE STATEMENT
Title Harvester New Readings
260 ## - PUBLICATION, DISTRIBUTION, ETC. (IMPRINT)
Place of publication Sussex
Name of publisher The Harvester Press
Date of publication 1987
300 ## - COLLATION
Pagination ix, 182p.
942 ## - ADDED ENTRY ELEMENTS (KOHA)
Item type Books
050 ## - LIBRARY OF CONGRESS CALL NUMBER
Classification number PS3509
Item number .E45
Holdings
Source of classification or shelving scheme Not for loan Permanent location Current location Date acquired Accession No. Full call number Barcode. Koha item type
Library of Congress Classification   Samuel Ogbemudia Main Library, University of Abuja Samuel Ogbemudia Main Library, University of Abuja 03/20/2025 91/003485 PS3509.E45 2025-0823 Books